000 01136nam a2200385 a 4500
003 AR-BaBNM
005 20251128210718.0
008 082120s2002 ||||||||||||||000 | spa||
020 _a950-701-065-3
040 _cAR-BaBNM
245 0 0 _aTrabajos con el vocabulario
250 _a2ª ed.
260 _aBuenos Aires
_bAique
_c1999
300 _a83 p.
_btablas
490 0 _aSerie de la palabra
500 _aTirada especial para la Red Federal de Formación Docente Continua. Ministerio de Cultura y Educación de la Nación
500 _aContiene referencias bibliográficas
650 4 _aVOCABULARIO
650 4 _aSEMANTICA
650 4 _aENSEÑANZA DE LA LECTURA
650 4 _aESCRITURA
650 4 _aINFORMATICA
650 4 _aPROCESO DE APRENDIZAJE
650 4 _aACTIVIDADES DE APRENDIZAJE
653 _aCOMPRENSION LECTORA
653 _aESTRATEGIAS DIDACTICAS
653 _aAREAS CURRICULARES
653 _aINTEGRACION DE AREAS
700 1 _aPittelman, Susan D.
700 1 _aHeimlich, Joan E.
700 1 _aBerglund, Roberta L.
700 1 _aFrench, Michel P.
942 _cBK
998 _cRAQUEL
999 _c16557
_d16557